000 00548cam a2200193ua 4500
001 2901
008 161025n II |||gr||||Z||||||eng
040 _aMAIN
041 _aEnglish
082 _a820 IYE
100 _aIYENGER,SRINIVASA K.K.,
_eAUTHOR.,
245 _aINTRODUCTION TO STUDY OF ENGLISH LITERATURE
260 _aNEW DELHI:
_bSTERLING PUBLISHERS,
_c2004.
300 _a296:
_c22CM.
653 _aEnglish.& Old English literatures
700 _aIYENGER,SRINIVASA K.K.,
_eAUTHOR.,
700 _aNANDAKUMAR, PREMA.,
_eAUTHOR.
942 _cBK
999 _c2895
_d2895